00610nab a2200193uuc4500001000800000005001700008008004100025035001200066035002100078040001300099041000800112100004400120245003000164650003200194650004100226773012000267942001000387999001900397105142720240202083243.0071010e20070401 spa  a1051427 a(OCoLC)820273434 ccomduadb aspa10aMendoza Luna, Alfredo4auteaut944585710aCateter ureteral olvidado aCateterismo urinario940167 aCateterismo - Complicaciones91570650 tRevista Urología Colombiana (Bogotá)gVolumen 16, Número 01, Abril 2007, p. 139-148w450266z0120789X0119730 cARIMP c438350d438350